000 00695cam a2200217 i 4500
005 20251230120759.0
008 250721s2013 jo gr 000 0 ara d
020 _a9789957304249
082 1 4 _a218.9
_bع ي د
100 1 _aعيد، عريب محمد
_eمؤلف.
245 1 2 _aالنفس الأمارة بالارتقاء /
_cالدكتورة عريب محمد عيد.
250 _aالطبعة الأولى.
264 3 1 _aعمان :
_bفضاءات للنشر و التوزيع،
_c2013.
300 _a166 صفحة.
650 1 7 _aالتصوف.
650 1 7 _aالإسلام.
650 1 7 _aالله.
650 1 7 _aالحب.
942 _2ddc
_cBK
999 _c80740
_d80740